Эмульсионные промышленные взрывчатые вещества

Bibliographic Details
Main Author: Колганов Е. В. Евгений Васильевич
Other Authors: Соснин В. А. Вячеслав Александрович
Language:Russian
Published: Дзержинск, Изд-во ГосНИИ "Кристалл", 2009
Format: MixedMaterials Book
KOHA link:https://koha.lib.tpu.ru/cgi-bin/koha/opac-detail.pl?biblionumber=187671

MARC

LEADER 00000nam1a2200000 4500
001 187671
005 20231031174045.0
035 |a (RuTPU)RU\TPU\book\203634 
090 |a 187671 
100 |a 20101119d2009 km y0rusy50 ca 
101 0 |a rus 
102 |a RU 
200 1 |a Эмульсионные промышленные взрывчатые вещества  |f Е. В. Колганов, В. А. Соснин 
210 |a Дзержинск  |c Изд-во ГосНИИ "Кристалл"  |d 2009 
700 1 |a Колганов  |b Е. В.  |g Евгений Васильевич 
701 1 |a Соснин  |b В. А.  |g Вячеслав Александрович 
801 1 |a RU  |b 63413507  |c 20101119 
801 2 |a RU  |b 63413507  |c 20101119  |g RCR 
942 |c BK